[Event "Madrid-chT 2021"]
[Site "Madrid"]
[Date "2021.03.14"]
[Round "4.1"]
[White "Elissalt Cardenas, Hector"]
[Black "Vazquez Igarza, Renier"]
[Result "1/2-1/2"]
[WhiteElo "2279"]
[BlackElo "2557"]
[PlyCount "84"]
[EventDate "2021.01.24"]
[EventType "team-tourn"]
[EventRounds "14"]
[EventCountry "ESP"]
[SourceTitle "Ajedrez en Madrid"]
[Source "lmi"]
[SourceDate "2021.01.23"]
[SourceVersion "1"]
[SourceVersionDate "2021.06.08"]
[SourceQuality "1"]
[WhiteTeam "Tajamar"]
[BlackTeam "Collado Villalba"]
[WhiteTeamCountry "ESP"]
[BlackTeamCountry "ESP"]

1. d4 Nf6 2. Nf3 g6 3. c4 Bg7 4. Nc3 d5 5. Bg5 Ne4 6. cxd5 Nxg5 7. Nxg5 e6 8.
Qd2 h6 9. Nh3 exd5 10. Nf4 c6 11. e3 Nd7 12. h4 Nf6 13. f3 h5 14. Bd3 Qd6 15.
O-O-O Bd7 16. g3 O-O-O 17. Bc2 Kb8 18. Kb1 Bc8 19. Bb3 Qe7 20. Rhe1 Bh6 21. Qf2
Rhe8 22. e4 dxe4 23. fxe4 Bg4 24. Rd2 Bf5 25. Bc2 Ng4 26. Qf1 Bg7 27. Rdd1 Bc8
28. e5 Qc7 29. Ne4 Bf8 30. Qc4 Bf5 31. Ng5 Bxc2+ 32. Kxc2 c5 33. Qxf7 Re7 34.
Qc4 cxd4 35. Qxc7+ Rxc7+ 36. Kb3 Rc6 37. a3 Re8 38. Rxd4 Bc5 39. Rd3 Bf2 40.
Red1 Nxe5 41. Rd8+ Rxd8 42. Rxd8+ Rc8 1/2-1/2

[Event "Madrid-chT 2021"]
[Site "Madrid"]
[Date "2021.03.14"]
[Round "4.2"]
[White "Pulvett Marin, Daniel Eduardo"]
[Black "Ingunza Curro, Andres"]
[Result "1-0"]
[WhiteElo "2487"]
[BlackElo "2264"]
[PlyCount "125"]
[EventDate "2021.01.24"]
[EventType "team-tourn"]
[EventRounds "14"]
[EventCountry "ESP"]
[SourceTitle "Ajedrez en Madrid"]
[Source "lmi"]
[SourceDate "2021.01.23"]
[SourceVersion "1"]
[SourceVersionDate "2021.06.08"]
[SourceQuality "1"]
[WhiteTeam "Collado Villalba"]
[BlackTeam "Tajamar"]
[WhiteTeamCountry "ESP"]
[BlackTeamCountry "ESP"]

1. d4 Nf6 2. c4 e6 3. Nf3 Bb4+ 4. Nbd2 b6 5. a3 Bxd2+ 6. Qxd2 Bb7 7. e3 O-O 8.
Be2 d6 9. b4 Nbd7 10. Bb2 Qe7 11. O-O Rfd8 12. Rad1 Ne4 13. Qc2 c5 14. Ne1 cxd4
15. exd4 Rac8 16. Bd3 Nef6 17. Qe2 b5 18. c5 a6 19. Nc2 Nf8 20. Ne3 Ng6 21. g3
Be4 22. Bxe4 Nxe4 23. Qf3 d5 24. Qg2 f5 25. f3 Nf6 26. Rde1 Qf7 27. Nd1 Re8 28.
Nf2 Qc7 29. Nd3 a5 30. Qd2 a4 31. Re2 Qf7 32. Rfe1 Rc7 33. Bc1 Rce7 34. Qc3 h6
35. Kg2 Nd7 36. c6 Nb6 37. Qc5 Nc4 38. Qxb5 e5 39. dxe5 Kh7 40. c7 Qe6 41. Qxa4
Rxc7 42. Nc5 Qe7 43. e6 f4 44. Qc2 fxg3 45. hxg3 Rf8 46. Qd3 Nd6 47. Nd7 Rf5
48. Bd2 Kh8 49. b5 Rc4 50. Rh1 Rg5 51. Bxg5 Qxg5 52. Kf2 Nf5 53. Rh3 Rd4 54.
Qc2 Rc4 55. Qd3 Rd4 56. Qc2 Rc4 57. Qb2 Nd4 58. e7 Nxe7 59. Ne5 Qf6 60. Nxc4
Qxf3+ 61. Ke1 Nef5 62. Ne5 Qxe2+ 63. Qxe2 1-0

[Event "Madrid-chT 2021"]
[Site "Madrid"]
[Date "2021.03.14"]
[Round "4.3"]
[White "Mkrtchyan, Levon"]
[Black "Quispe Arteaga, Gabriel"]
[Result "1/2-1/2"]
[WhiteElo "2213"]
[BlackElo "2389"]
[PlyCount "94"]
[EventDate "2021.01.24"]
[EventType "team-tourn"]
[EventRounds "14"]
[EventCountry "ESP"]
[SourceTitle "Ajedrez en Madrid"]
[Source "lmi"]
[SourceDate "2021.01.23"]
[SourceVersion "1"]
[SourceVersionDate "2021.06.08"]
[SourceQuality "1"]
[WhiteTeam "Tajamar"]
[BlackTeam "Collado Villalba"]
[WhiteTeamCountry "ESP"]
[BlackTeamCountry "ESP"]

1. e4 c5 2. Nf3 Nc6 3. d4 cxd4 4. Nxd4 e6 5. Nc3 Qc7 6. g3 Nf6 7. Bg2 h5 8.
Ndb5 Qb8 9. Bf4 e5 10. Bg5 a6 11. Bxf6 gxf6 12. Na3 Bb4 13. Nc4 b5 14. Ne3 Ne7
15. O-O Bxc3 16. bxc3 Qc7 17. Qd3 Bb7 18. c4 Bc6 19. Rfd1 Rc8 20. Qa3 Rb8 21.
cxb5 axb5 22. c4 b4 23. Qd3 Kf8 24. Rab1 Kg7 25. Rd2 h4 26. Qe2 Rh6 27. Rdb2
hxg3 28. hxg3 d6 29. Rxb4 Rxb4 30. Rxb4 Bd7 31. Qb2 Bc8 32. Nd5 Nxd5 33. cxd5
Qc5 34. Qd2 Rg6 35. Rb3 Bd7 36. Rc3 Qb4 37. Rc2 Qb1+ 38. Rc1 Qb6 39. Qc3 Qa7
40. a3 f5 41. exf5 Bxf5 42. Re1 Bd7 43. Qe3 Qa5 44. Rb1 Bf5 45. Rb4 Qc7 46. Be4
Bxe4 47. Rxe4 Qc2 1/2-1/2

[Event "Madrid-chT 2021"]
[Site "Madrid"]
[Date "2021.03.14"]
[Round "4.4"]
[White "Lianes Garcia, Marcos"]
[Black "Rodriguez Lopez, David"]
[Result "1-0"]
[WhiteElo "2398"]
[BlackElo "2149"]
[PlyCount "123"]
[EventDate "2021.01.24"]
[EventType "team-tourn"]
[EventRounds "14"]
[EventCountry "ESP"]
[SourceTitle "Ajedrez en Madrid"]
[Source "lmi"]
[SourceDate "2021.01.23"]
[SourceVersion "1"]
[SourceVersionDate "2021.06.08"]
[SourceQuality "1"]
[WhiteTeam "Collado Villalba"]
[BlackTeam "Tajamar"]
[WhiteTeamCountry "ESP"]
[BlackTeamCountry "ESP"]

1. d4 d5 2. c4 c6 3. Nc3 Nf6 4. Nf3 dxc4 5. a4 Bf5 6. Ne5 e6 7. Nxc4 Nbd7 8.
Qb3 Nb6 9. a5 Nxc4 10. Qxc4 Rc8 11. f3 Be7 12. e4 Bg6 13. Be3 O-O 14. Kf2 b5
15. axb6 axb6 16. Be2 c5 17. Rhd1 cxd4 18. Rxd4 Rxc4 19. Rxd8 Rxd8 20. Bxc4 Nd7
21. Bb5 Nc5 22. Ra7 Kf8 23. Ke2 f6 24. Na4 Nxa4 25. Rxa4 Bc5 26. Bxc5+ bxc5 27.
Bc4 Bf7 28. Ra7 Rb8 29. b3 Rc8 30. Kd2 g5 31. Ke3 h6 32. g3 Bg8 33. Kd3 Rd8+
34. Kc2 Rc8 35. Kc3 Rc6 36. f4 gxf4 37. gxf4 Rc8 38. h3 Rd8 39. Rc7 Rd4 40.
Rxc5 Rxe4 41. Rc8+ Kg7 42. b4 Rxf4 43. b5 Rf3+ 44. Kb4 Bh7 45. Rc7+ Kh8 46.
Rc8+ Kg7 47. Rc7+ Kh8 48. Bxe6 Be4 49. b6 f5 50. h4 Rf1 51. Kc5 Rc1+ 52. Bc4
Rb1 53. Rf7 Rb2 54. h5 Rb1 55. Rf6 Kg7 56. Rg6+ Kh7 57. Kd4 Bf3 58. Rd6 Bxh5
59. Bd5 Be2 60. b7 h5 61. Rd8 Rd1+ 62. Ke5 1-0

[Event "Madrid-chT 2021"]
[Site "Madrid"]
[Date "2021.03.14"]
[Round "4.5"]
[White "Martinez Aragon, Aitor"]
[Black "Suarez Uriel, Adrian"]
[Result "0-1"]
[WhiteElo "2049"]
[BlackElo "2376"]
[PlyCount "78"]
[EventDate "2021.01.24"]
[EventType "team-tourn"]
[EventRounds "14"]
[EventCountry "ESP"]
[SourceTitle "Ajedrez en Madrid"]
[Source "lmi"]
[SourceDate "2021.01.23"]
[SourceVersion "1"]
[SourceVersionDate "2021.06.08"]
[SourceQuality "1"]
[WhiteTeam "Tajamar"]
[BlackTeam "Collado Villalba"]
[WhiteTeamCountry "ESP"]
[BlackTeamCountry "ESP"]

1. e4 c5 2. Nf3 Nc6 3. d4 cxd4 4. Nxd4 Nf6 5. Nc3 e5 6. Ndb5 d6 7. a4 Be6 8.
Bg5 a6 9. Na3 Be7 10. Bxf6 Bxf6 11. Bc4 O-O 12. O-O Rc8 13. Nd5 Bg5 14. c3 Kh8
15. Kh1 Bh6 16. Qe2 Nb8 17. Rad1 Nd7 18. Bb3 Rc5 19. Ba2 Rc6 20. Nc4 Nc5 21. a5
Qh4 22. Rde1 Qxe4 23. Qxe4 Nxe4 24. Nxe5 Nxf2+ 25. Rxf2 dxe5 26. Rxe5 Rd8 27.
Rfe2 g6 28. Kg1 Bf8 29. c4 Bc5+ 30. Kf1 Kg7 31. g3 Bg4 32. Re1 Bd4 33. Re7 Rxd5
34. cxd5 Rf6+ 35. Kg2 Rf2+ 36. Kg1 Rxb2+ 37. R1e3 Rxa2 38. R7e4 Bxe3+ 39. Rxe3
Rxa5 0-1

[Event "Madrid-chT 2021"]
[Site "Madrid"]
[Date "2021.03.14"]
[Round "4.6"]
[White "Ruiz Buendia, Miguel"]
[Black "Carrasco Coquillat, Alvaro"]
[Result "1-0"]
[WhiteElo "2057"]
[BlackElo "1928"]
[PlyCount "97"]
[EventDate "2021.01.24"]
[EventType "team-tourn"]
[EventRounds "14"]
[EventCountry "ESP"]
[SourceTitle "Ajedrez en Madrid"]
[Source "lmi"]
[SourceDate "2021.01.23"]
[SourceVersion "1"]
[SourceVersionDate "2021.06.08"]
[SourceQuality "1"]
[WhiteTeam "Collado Villalba"]
[BlackTeam "Tajamar"]
[WhiteTeamCountry "ESP"]
[BlackTeamCountry "ESP"]

1. e4 c5 2. Nf3 d6 3. d4 cxd4 4. Nxd4 Nf6 5. Nc3 a6 6. Be3 e5 7. Nb3 Be6 8. f3
Nbd7 9. g4 Nb6 10. g5 Nfd7 11. Qd2 Rc8 12. h4 Nc4 13. Bxc4 Rxc4 14. O-O-O b5
15. h5 Qc7 16. Kb1 b4 17. Nd5 Bxd5 18. Qxd5 Qc6 19. Qd3 Qb5 20. Na5 Rc7 21.
Qxb5 axb5 22. Rd5 Nc5 23. Nb3 f6 24. Bd2 Nxb3 25. axb3 Rc5 26. Rd3 fxg5 27.
Bxb4 Rc6 28. Rhd1 Be7 29. Bxd6 Bxd6 30. Rxd6 Rxd6 31. Rxd6 O-O 32. Rd3 g6 33.
h6 Rf4 34. c4 bxc4 35. bxc4 g4 36. fxg4 Rxe4 37. c5 Kf7 38. b3 Rb4 39. c6 Rb8
40. c7 Rc8 41. Rd7+ Ke6 42. Rxh7 e4 43. Kc2 g5 44. Kd2 Kf6 45. Rd7 Ke6 46. Rg7
Kf6 47. Ke3 Re8 48. Rd7 Rc8 49. h7 1-0

[Event "Madrid-chT 2021"]
[Site "Madrid"]
[Date "2021.03.14"]
[Round "4.1"]
[White "Reyes Larena, Juan"]
[Black "Montañes Arribas, Adrian"]
[Result "1/2-1/2"]
[WhiteElo "2451"]
[BlackElo "2268"]
[PlyCount "67"]
[EventDate "2021.01.24"]
[EventType "team-tourn"]
[EventRounds "14"]
[EventCountry "ESP"]
[SourceTitle "Ajedrez en Madrid"]
[Source "lmi"]
[SourceDate "2021.01.23"]
[SourceVersion "1"]
[SourceVersionDate "2021.06.08"]
[SourceQuality "1"]
[WhiteTeam "San Sebastian de los Reyes"]
[BlackTeam "Vallecas CDV"]
[WhiteTeamCountry "ESP"]
[BlackTeamCountry "ESP"]

1. e4 c5 2. Nf3 d6 3. d4 cxd4 4. Nxd4 Nf6 5. Nc3 a6 6. Be2 e5 7. Nf3 h6 8. Nd2
Be7 9. a4 O-O 10. Nc4 Nxe4 11. Nxe4 d5 12. Nxe5 dxe4 13. Qxd8 Bxd8 14. Be3 Be6
15. O-O Bc7 16. Nc4 Nc6 17. Rfd1 Rfd8 18. c3 Ne5 19. Nxe5 Bxe5 20. Bb6 Rxd1+
21. Bxd1 f5 22. Bc2 Kf7 23. Re1 Bf6 24. Rd1 Rc8 25. a5 Be5 26. Ba4 Ke7 27. g3
g6 28. Kg2 Bd6 29. f3 exf3+ 30. Kxf3 g5 31. Re1 Kf7 32. Rd1 Ke7 33. Re1 Kf7 34.
Rd1 1/2-1/2

[Event "Madrid-chT 2021"]
[Site "Madrid"]
[Date "2021.03.14"]
[Round "4.2"]
[White "Martin Garcia, Guillermo Li"]
[Black "Martinez Fernandez, Raul"]
[Result "0-1"]
[WhiteElo "2240"]
[BlackElo "2169"]
[PlyCount "124"]
[EventDate "2021.01.24"]
[EventType "team-tourn"]
[EventRounds "14"]
[EventCountry "ESP"]
[SourceTitle "Ajedrez en Madrid"]
[Source "lmi"]
[SourceDate "2021.01.23"]
[SourceVersion "1"]
[SourceVersionDate "2021.06.08"]
[SourceQuality "1"]
[WhiteTeam "Vallecas CDV"]
[BlackTeam "San Sebastian de los Reyes"]
[WhiteTeamCountry "ESP"]
[BlackTeamCountry "ESP"]

1. e4 e5 2. Nf3 Nc6 3. Bb5 Nge7 4. c3 d6 5. d4 Bd7 6. h4 f5 7. d5 Nb8 8. Bxd7+
Nxd7 9. Ng5 Nf6 10. f3 Qd7 11. c4 f4 12. Nc3 Nh5 13. Ne6 a6 14. Qb3 b6 15. Bd2
Ng6 16. O-O-O Be7 17. Be1 Nf8 18. Nxf8 Rxf8 19. Bf2 Kf7 20. Qa4 Qxa4 21. Nxa4
b5 22. Nc3 bxc4 23. Ne2 c6 24. dxc6 Rac8 25. Nc3 Rxc6 26. Rd5 Bd8 27. Rhd1 Ke6
28. R1d2 Bb6 29. Bxb6 Rxb6 30. Ra5 Nf6 31. Ra4 Rc8 32. Kc2 Rc5 33. Ra3 Rbc6 34.
Ra4 h6 35. Rb4 d5 36. exd5+ Nxd5 37. Rb7 Ne3+ 38. Kc1 Rc7 39. Rb8 Rc8 40. Rb7
R5c7 41. Rb6+ Rc6 42. Rb7 R8c7 43. Rb8 Rd6 44. Re8+ Re7 45. Rxd6+ Kxd6 46. Ra8
Nxg2 47. Rxa6+ Kc5 48. Ra5+ Kc6 49. Ra4 Nxh4 50. Rxc4+ Kb7 51. Rb4+ Kc8 52. Nd5
Rb7 53. Rc4+ Kd7 54. a4 Nxf3 55. a5 Nd4 56. b4 f3 57. Kd2 f2 58. Ne3 Rc7 59.
Kd3 Rxc4 60. Kxc4 Nf5 61. Nf1 e4 62. a6 Kc6 0-1

[Event "Madrid-chT 2021"]
[Site "Madrid"]
[Date "2021.03.14"]
[Round "4.3"]
[White "Quevedo Marin, Manuel"]
[Black "Beltran de Heredia Eguiaz, Miguel Angel"]
[Result "0-1"]
[WhiteElo "2214"]
[BlackElo "2199"]
[PlyCount "72"]
[EventDate "2021.01.24"]
[EventType "team-tourn"]
[EventRounds "14"]
[EventCountry "ESP"]
[SourceTitle "Ajedrez en Madrid"]
[Source "lmi"]
[SourceDate "2021.01.23"]
[SourceVersion "1"]
[SourceVersionDate "2021.06.08"]
[SourceQuality "1"]
[WhiteTeam "San Sebastian de los Reyes"]
[BlackTeam "Vallecas CDV"]
[WhiteTeamCountry "ESP"]
[BlackTeamCountry "ESP"]

1. e4 c5 2. Nf3 e6 3. d4 cxd4 4. Nxd4 Nc6 5. Nc3 Nf6 6. Ndb5 d6 7. Bf4 e5 8.
Bg5 a6 9. Na3 b5 10. Bxf6 gxf6 11. Nd5 Bg7 12. g3 O-O 13. Bg2 Ne7 14. O-O Nxd5
15. Qxd5 Be6 16. Qd3 Qb6 17. Rfd1 Rac8 18. c3 b4 19. Nc2 bxc3 20. bxc3 Qb2 21.
Ne3 Bh6 22. Nf5 Bxf5 23. exf5 Rxc3 24. Qxa6 Bc1 25. Qxd6 Qxa1 26. Qxf6 Rd3 27.
Re1 Qc3 28. Re4 Rd4 29. Re2 Rd1+ 30. Bf1 Qf3 31. Rxe5 Qd3 32. Kg2 Qxf1+ 33. Kf3
Rd3+ 34. Kg4 Qxf2 35. Kh3 Qf1+ 36. Kh4 Rd4+ 0-1

[Event "Madrid-chT 2021"]
[Site "Madrid"]
[Date "2021.03.14"]
[Round "4.4"]
[White "Morona Minguez, Miguel"]
[Black "Reyes Peñas, Sebastian"]
[Result "1/2-1/2"]
[WhiteElo "2045"]
[BlackElo "2201"]
[PlyCount "57"]
[EventDate "2021.01.24"]
[EventType "team-tourn"]
[EventRounds "14"]
[EventCountry "ESP"]
[SourceTitle "Ajedrez en Madrid"]
[Source "lmi"]
[SourceDate "2021.01.23"]
[SourceVersion "1"]
[SourceVersionDate "2021.06.08"]
[SourceQuality "1"]
[WhiteTeam "Vallecas CDV"]
[BlackTeam "San Sebastian de los Reyes"]
[WhiteTeamCountry "ESP"]
[BlackTeamCountry "ESP"]

1. e4 c5 2. Nf3 e6 3. d4 cxd4 4. Nxd4 a6 5. Nc3 Qc7 6. Be2 Nf6 7. O-O d6 8. a4
b6 9. f4 Nbd7 10. Be3 Bb7 11. Bf3 Nc5 12. e5 dxe5 13. Bxb7 Nxb7 14. fxe5 Qxe5
15. Qf3 Bc5 16. Qc6+ Nd7 17. Qxb7 Qxe3+ 18. Kh1 Rb8 19. Qf3 Bxd4 20. Qxf7+ Kd8
21. Rae1 Qg5 22. Qxe6 Bxc3 23. bxc3 Rf8 24. Rxf8+ Nxf8 25. Qe8+ Kc7 26. Qf7+
Kc6 27. Qf3+ Kc7 28. Qf7+ Kc6 29. Qf3+ 1/2-1/2

[Event "Madrid-chT 2021"]
[Site "Madrid"]
[Date "2021.03.14"]
[Round "4.5"]
[White "Alfaya Marcelo, Roberto"]
[Black "Dominguez Alfara, Miguel"]
[Result "1/2-1/2"]
[WhiteElo "2199"]
[BlackElo "1998"]
[PlyCount "154"]
[EventDate "2021.01.24"]
[EventType "team-tourn"]
[EventRounds "14"]
[EventCountry "ESP"]
[SourceTitle "Ajedrez en Madrid"]
[Source "lmi"]
[SourceDate "2021.01.23"]
[SourceVersion "1"]
[SourceVersionDate "2021.06.08"]
[SourceQuality "1"]
[WhiteTeam "San Sebastian de los Reyes"]
[BlackTeam "Vallecas CDV"]
[WhiteTeamCountry "ESP"]
[BlackTeamCountry "ESP"]

1. d4 d5 2. c4 e6 3. Nc3 Nf6 4. cxd5 exd5 5. Bg5 Be7 6. e3 c6 7. Qc2 Nbd7 8.
Bd3 h6 9. Bh4 Nh5 10. Bxe7 Qxe7 11. Nge2 Nb6 12. h3 Be6 13. O-O-O O-O-O 14. Kb1
Kb8 15. Ka1 Rhf8 16. g4 Nf6 17. Ng3 g6 18. Rhe1 Qc7 19. Rc1 h5 20. g5 h4 21.
Nge2 Nh5 22. Na4 Nxa4 23. Qxa4 Qe7 24. Rc3 Bxh3 25. Ra3 b5 26. Qa6 Rd6 27. Rh1
Bc8 28. Qa5 Rd7 29. Rxh4 Qxg5 30. Rh1 Qd8 31. Qd2 Nf6 32. Rc1 Rc7 33. Rac3 Bb7
34. f3 a6 35. e4 dxe4 36. fxe4 Qe7 37. Qf4 Re8 38. Ng3 Rd8 39. d5 Ka8 40. dxc6
Bc8 41. Qf2 Qd6 42. Bxb5 Qd4 43. Qxd4 Rxd4 44. Bd3 Ng4 45. Ne2 Rd6 46. Nf4 Ne5
47. Bc4 g5 48. Ne2 Ka7 49. Bd5 Be6 50. Bxe6 fxe6 51. a3 Rdxc6 52. Rxc6 Rxc6 53.
Rg1 g4 54. Kb1 Rc4 55. Nc3 Kb6 56. Kc2 Kc7 57. Rg3 Kd6 58. b4 Rc7 59. Kb3 Rf7
60. b5 axb5 61. Kb4 Rf4 62. Nxb5+ Kd7 63. Nc3 Rf3 64. Rg1 Nd3+ 65. Kc4 Kc6 66.
a4 g3 67. Ne2 Nb2+ 68. Kd4 Kd6 69. e5+ Kc6 70. Rxg3 Rxg3 71. Nxg3 Nxa4 72. Ne4
Kd7 73. Nc5+ Nxc5 74. Kxc5 Kc7 75. Kb5 Kb7 76. Kc5 Kc7 77. Kb5 Kb7 1/2-1/2

[Event "Madrid-chT 2021"]
[Site "Madrid"]
[Date "2021.03.14"]
[Round "4.6"]
[White "Ballesteros Galvez, Daniel"]
[Black "Guillo Longares, Cecilia"]
[Result "0-1"]
[WhiteElo "1932"]
[BlackElo "2017"]
[PlyCount "84"]
[EventDate "2021.01.24"]
[EventType "team-tourn"]
[EventRounds "14"]
[EventCountry "ESP"]
[SourceTitle "Ajedrez en Madrid"]
[Source "lmi"]
[SourceDate "2021.01.23"]
[SourceVersion "1"]
[SourceVersionDate "2021.06.08"]
[SourceQuality "1"]
[WhiteTeam "Vallecas CDV"]
[BlackTeam "San Sebastian de los Reyes"]
[WhiteTeamCountry "ESP"]
[BlackTeamCountry "ESP"]

1. e4 e5 2. Nf3 Nc6 3. Bb5 g6 4. Bxc6 dxc6 5. O-O Bg7 6. d3 Nf6 7. h3 Nd7 8.
Nc3 c5 9. Be3 Qe7 10. a4 Nb8 11. Nh2 Nc6 12. Ne2 O-O 13. Rb1 Qd6 14. Qd2 Rd8
15. b3 Nd4 16. f4 f5 17. Ng3 g5 18. Bxd4 Qxd4+ 19. Kh1 exf4 20. Nxf5 Bxf5 21.
exf5 Qf6 22. Rbe1 Re8 23. Qa5 Qxf5 24. Rxe8+ Rxe8 25. Qxa7 Re7 26. Qb8+ Kf7 27.
Ng4 h5 28. Nf2 Be5 29. Qa7 Bd4 30. Ne4 Qd5 31. Qa5 Kg6 32. Qd2 Rf7 33. Qe2 Qe6
34. c3 Bg7 35. Qc2 b6 36. d4 Qf5 37. Rf2 Re7 38. Re2 f3 39. Ng3 Qxc2 40. Rxc2
Re1+ 41. Kh2 h4 42. Nh1 Re2 0-1

[Event "Madrid-chT 2021"]
[Site "Madrid"]
[Date "2021.03.21"]
[Round "5.1"]
[White "Vazquez Igarza, Renier"]
[Black "Martinez Reyes, Pedro Ramon"]
[Result "1-0"]
[WhiteElo "2557"]
[BlackElo "2427"]
[PlyCount "93"]
[EventDate "2021.01.24"]
[EventType "team-tourn"]
[EventRounds "14"]
[EventCountry "ESP"]
[SourceTitle "Ajedrez en Madrid"]
[Source "lmi"]
[SourceDate "2021.01.23"]
[SourceVersion "1"]
[SourceVersionDate "2021.06.08"]
[SourceQuality "1"]
[WhiteTeam "Collado Villalba"]
[BlackTeam "Blanco y Negro"]
[WhiteTeamCountry "ESP"]
[BlackTeamCountry "ESP"]

1. c4 e6 2. Nc3 d5 3. d4 Be7 4. Nf3 Nf6 5. Bf4 O-O 6. e3 b6 7. cxd5 Nxd5 8.
Nxd5 Qxd5 9. Bd3 Qa5+ 10. Ke2 Ba6 11. a3 Nd7 12. Bxc7 Rfc8 13. Rc1 Nc5 14. dxc5
Rxc7 15. Bxa6 Qxa6+ 16. Qd3 Qxd3+ 17. Kxd3 Rd8+ 18. Ke2 bxc5 19. Rc2 Rb7 20.
Nd2 Rdb8 21. Rb1 h5 22. f4 Bf6 23. b3 Be7 24. Rc4 g6 25. Rbc1 Rd8 26. R1c2 Kg7
27. g3 Kf8 28. h3 Kg7 29. R4c3 Rbd7 30. Rc4 Rb7 31. Ra4 Rd5 32. Ra6 Rbd7 33.
Nc4 h4 34. gxh4 Rh5 35. Ne5 Rb7 36. Nc6 Bxh4 37. Rxa7 Rxa7 38. Nxa7 Be7 39. Nc6
Bd6 40. Rd2 Bf8 41. Rd7 c4 42. bxc4 Rxh3 43. a4 Bc5 44. Nd4 Rh2+ 45. Kd3 Kg8
46. Rc7 Bb4 47. c5 1-0

[Event "Madrid-chT 2021"]
[Site "Madrid"]
[Date "2021.03.21"]
[Round "5.2"]
[White "Montoliu Cervero, Francisco"]
[Black "Pulvett Marin, Daniel Eduardo"]
[Result "1-0"]
[WhiteElo "2395"]
[BlackElo "2487"]
[PlyCount "97"]
[EventDate "2021.01.24"]
[EventType "team-tourn"]
[EventRounds "14"]
[EventCountry "ESP"]
[SourceTitle "Ajedrez en Madrid"]
[Source "lmi"]
[SourceDate "2021.01.23"]
[SourceVersion "1"]
[SourceVersionDate "2021.06.08"]
[SourceQuality "1"]
[WhiteTeam "Blanco y Negro"]
[BlackTeam "Collado Villalba"]
[WhiteTeamCountry "ESP"]
[BlackTeamCountry "ESP"]

1. e4 e5 2. Nf3 Nc6 3. Bb5 Nf6 4. O-O Nxe4 5. d4 Nd6 6. Bxc6 dxc6 7. dxe5 Nf5
8. Qxd8+ Kxd8 9. Nc3 Bd7 10. Bf4 h6 11. Rad1 Kc8 12. h3 g5 13. Bc1 c5 14. Nd5
Be6 15. b3 a5 16. a4 Ne7 17. c4 Ng6 18. Rfe1 b6 19. Nd2 Kb7 20. Ne4 Bg7 21. Bb2
Rhd8 22. Ndf6 Nf4 23. Ba1 Ne2+ 24. Kf1 Nd4 25. Bxd4 cxd4 26. Rd2 c5 27. g4 Kc7
28. Rc1 Kc6 29. Kg2 Ra7 30. Kg3 Re7 31. f4 Bc8 32. h4 gxf4+ 33. Kxf4 Bb7 34. g5
hxg5+ 35. hxg5 Rh8 36. Nf2 Bc8 37. Rh1 Bxf6 38. exf6 Ree8 39. Rdd1 Rhg8 40.
Rde1 Rxe1 41. Rxe1 Rh8 42. g6 Rh6 43. Rg1 Be6 44. Ng4 Bxg4 45. Rxg4 d3 46. g7
d2 47. g8=Q Rxf6+ 48. Ke3 d1=Q 49. Qc8+ 1-0

[Event "Madrid-chT 2021"]
[Site "Madrid"]
[Date "2021.03.21"]
[Round "5.3"]
[White "Quispe Arteaga, Gabriel"]
[Black "Ballester Llagaria, Luis Eduardo"]
[Result "1-0"]
[WhiteElo "2389"]
[BlackElo "2331"]
[PlyCount "63"]
[EventDate "2021.01.24"]
[EventType "team-tourn"]
[EventRounds "14"]
[EventCountry "ESP"]
[SourceTitle "Ajedrez en Madrid"]
[Source "lmi"]
[SourceDate "2021.01.23"]
[SourceVersion "1"]
[SourceVersionDate "2021.06.08"]
[SourceQuality "1"]
[WhiteTeam "Collado Villalba"]
[BlackTeam "Blanco y Negro"]
[WhiteTeamCountry "ESP"]
[BlackTeamCountry "ESP"]

1. Nf3 d5 2. e3 Nf6 3. b3 Bg4 4. Bb2 Nbd7 5. h3 Bh5 6. g4 Bg6 7. g5 Ne4 8. d3
Nd6 9. h4 Bh5 10. Be2 h6 11. c4 e6 12. Nbd2 c6 13. Qc2 Qe7 14. O-O-O e5 15. e4
dxe4 16. dxe4 O-O-O 17. c5 Nb5 18. b4 Bxf3 19. Nxf3 hxg5 20. Bxb5 g4 21. Bxc6
bxc6 22. Nd2 Rxh4 23. Qa4 Nb8 24. Rxh4 Qxh4 25. Bxe5 Kb7 26. Nc4 Rxd1+ 27. Qxd1
Qxf2 28. Bxb8 Bxc5 29. Qd7+ Kxb8 30. Qd8+ Kb7 31. Na5+ Ka6 32. Qd3+ 1-0

[Event "Madrid-chT 2021"]
[Site "Madrid"]
[Date "2021.03.21"]
[Round "5.4"]
[White "Alarcia Astiz, Carlos"]
[Black "Suarez Uriel, Adrian"]
[Result "1-0"]
[WhiteElo "2306"]
[BlackElo "2376"]
[PlyCount "103"]
[EventDate "2021.01.24"]
[EventType "team-tourn"]
[EventRounds "14"]
[EventCountry "ESP"]
[SourceTitle "Ajedrez en Madrid"]
[Source "lmi"]
[SourceDate "2021.01.23"]
[SourceVersion "1"]
[SourceVersionDate "2021.06.08"]
[SourceQuality "1"]
[WhiteTeam "Blanco y Negro"]
[BlackTeam "Collado Villalba"]
[WhiteTeamCountry "ESP"]
[BlackTeamCountry "ESP"]

1. d4 Nf6 2. Nf3 g6 3. Bf4 d6 4. h3 Bg7 5. e3 O-O 6. Be2 c5 7. c3 Qb6 8. Qb3
Be6 9. Qxb6 axb6 10. a3 h6 11. Nbd2 Nd5 12. Bh2 f5 13. O-O Nd7 14. Rfe1 Kh7 15.
Bd3 Nc7 16. h4 Kh8 17. Rad1 Bg8 18. e4 Rae8 19. h5 g5 20. exf5 Bh7 21. Be4 Bxf5
22. Bxb7 Rf7 23. Be4 Bxe4 24. Nxe4 Ref8 25. Bg3 Ne8 26. dxc5 bxc5 27. Re2 Ndf6
28. Nxf6 Bxf6 29. Nh2 Ng7 30. Ng4 Nf5 31. Rd5 Bg7 32. Kh2 Kh7 33. f3 Bh8 34.
Be1 Ng7 35. b4 Nxh5 36. Ra2 Nf4 37. Rd1 cxb4 38. cxb4 Ra8 39. a4 Rff8 40. Ne3
Rfb8 41. g3 Ne6 42. Nd5 Rb7 43. Bf2 Ra6 44. Re1 Nd4 45. Bxd4 Bxd4 46. Rxe7+
Rxe7 47. Nxe7 h5 48. b5 Ra8 49. a5 Bc5 50. Nd5 Kg6 51. a6 Rb8 52. b6 1-0

[Event "Madrid-chT 2021"]
[Site "Madrid"]
[Date "2021.03.21"]
[Round "5.5"]
[White "Garcia Dorado, Alberto"]
[Black "Renteria Becerra, Jorge Elicer"]
[Result "1-0"]
[WhiteElo "2212"]
[BlackElo "2262"]
[PlyCount "77"]
[EventDate "2021.01.24"]
[EventType "team-tourn"]
[EventRounds "14"]
[EventCountry "ESP"]
[SourceTitle "Ajedrez en Madrid"]
[Source "lmi"]
[SourceDate "2021.01.23"]
[SourceVersion "1"]
[SourceVersionDate "2021.06.08"]
[SourceQuality "1"]
[WhiteTeam "Collado Villalba"]
[BlackTeam "Blanco y Negro"]
[WhiteTeamCountry "ESP"]
[BlackTeamCountry "ESP"]

1. d4 d6 2. Nf3 Bg4 3. Nbd2 Nf6 4. g3 c6 5. Bg2 e6 6. e4 d5 7. exd5 cxd5 8. h3
Bxf3 9. Nxf3 Be7 10. O-O O-O 11. Re1 Nc6 12. Bf1 Qb6 13. a3 a5 14. a4 Rac8 15.
c3 g6 16. Bd3 Nh5 17. g4 Ng7 18. Qe2 Bd6 19. Bh6 Rce8 20. Ne5 Nxe5 21. dxe5 Bc5
22. Bg5 Be7 23. Bf6 Qd8 24. Bxg7 Kxg7 25. Bb5 Bg5 26. Bxe8 Rxe8 27. Rad1 Be7
28. Qb5 b6 29. b4 Rh8 30. bxa5 bxa5 31. c4 Bb4 32. Re3 h5 33. cxd5 hxg4 34. Qe2
Bc5 35. Rg3 exd5 36. Qxg4 Rh4 37. Qf3 Rxa4 38. Rxd5 Qb6 39. Qf6+ 1-0